10 Pays les plus pauvres en 2025 - Statistiques

Statistiques générales
  • Ce quiz a été pris 65 fois
  • Le résultat moyen est 5 sur 10
Statistiques - réponses
PIB par habitant Pays % Correct
1552 dollars République démocratique du Congo
75%
455 dollars Soudan du sud
66%
1675 dollars Niger
63%
1123 dollars République centrafricaine
57%
916 dollars Burundi
54%
1712 dollars Malawi
50%
1979 dollars Madagascar
39%
1649 dollars Mozambique
39%
1996 dollars Yémen
39%
1882 dollars Liberia
32%
Aucun quiz correspondant
Distribution des résultats
% des personnes avec chaque résultat
Percentile par nombre de réponses
Votre historique - résultats
Vous n’avez pas pris ce quiz